000 00632nam a2200277Ia 4500
005 20260324150523.0
008 008 260324s9999 xx 000 0 eng d
020 _a9781315007366
037 _aEBOOK
040 _aCRL
040 _beng
040 _cCRL
041 _2eng
041 _aeng
084 _qCRL
100 _aA. F. Young
_91226288
245 0 _aIndust Injuries Insur Ils 152
260 _bTaylor and Francis
260 _c1964
365 _a
365 _b89.99
856 _uhttp://www.taylorfrancis.com/books/9781315007366
942 _cEBOOK
999 _c1836293
_d1836293